| 000 | 00909cam a22002295a 4500 | ||
|---|---|---|---|
| 001 | L149103 | ||
| 008 | 100112e2009 xxk 000 0 eng d | ||
| 035 | _a(Sirsi) u149103 | ||
| 041 | 0 | _aeng | |
| 100 | 1 | _aEade, Christine | |
| 245 | 0 | 0 |
_aMarkets _bGlos, Herefords, Worcs and Warks |
| 260 | _c2009 | ||
| 490 |
_aProperty Week _v75 4 December 2009, 57-60(4) |
||
| 520 | _aStanhope's proposed shopping centre in Hereford?s former livestock market is to be halved in size. Goodman?s speculative office development at Gloucester Business Park moves towards full occupancy. Gloucester?s regeneration vision is using the city?s heritage assets to act as a catalyst for future growth. | ||
| 590 | _aKA | ||
| 651 | 4 | _aGloucestershire | |
| 651 | 4 | _aHerefordshire | |
| 651 | 4 | _aWarwickshire | |
| 690 | _aPROPERTY-COMMERCIAL PROPERTY-COMMERCIAL PROPERTY MARKET | ||
| 700 | 1 | _aOldershaw, Chris | |
| 942 | _n0 | ||
| 999 |
_c82052 _d82052 |
||